Normal view
MARC view
- Scholars
Entry Topical Term
001 - CONTROL NUMBER
- control field: 49249
003 - CONTROL NUMBER IDENTIFIER
- control field: NUST
005 - DATE AND TIME OF LATEST TRANSACTION
- control field: 20210314134305.0
008 - FIXED-LENGTH DATA ELEMENTS
- fixed length control field: 210314|| aca||aabn | a|a d
040 ## - CATALOGING SOURCE
- Original cataloging agency: NUST
- Transcribing agency: NUST
150 ## - HEADING--TOPICAL TERM
- Topical term or geographic name entry element: Scholars
- Geographic subdivision: Great Britain
- General subdivision: Biography
670 ## - SOURCE DATA FOUND
- Source citation: Work cat.: (NUST): Burton, Isabel, 49247, The life of Captain Sir Richd F. Burton., [1973]
